00613nam a2200121Ia 4500008004100000100005900041245020000100260002700300650002000327856005200347999001900399952007300418171212s9999 xx 000 0 und d aWynn, Barbara O.;Smalley, Robert;Cordasco, Kristina M. cWynn, Barbara O.;Smalley, Robert;Cordasco, Kristina M.aDoes It Cost More to Train Residents or to Replace Them?bA Look at the Costs and Benefits of Operating Graduate Medical Education Programs bRAND Corporationc2013 aHealth Sciences uhttp://www.jstor.org/stable/10.7249/j.ctt5hhs96 c351967d351967 001040aCLbCLd2017-12-12l0r2017-12-12 00:00:00w2017-12-12yCBE